| 000 | 00548nam a22001937a 4500 | ||
|---|---|---|---|
| 999 |
_c864 _d864 |
||
| 003 | OSt | ||
| 005 | 20191125124236.0 | ||
| 008 | 150109b xxu||||| |||| 00| 0 eng d | ||
| 020 | _a085324202x | ||
| 040 | _cDNLM | ||
| 082 | _aQY 90 B22m 1991 | ||
| 100 |
_aBangert, S. K.; Fleming, P. R. _91763 |
||
| 245 | _aMultiple Choice Questions on Clinical Chemistry ain Diagnosis and Treatment. | ||
| 250 | _a2nd ed. | ||
| 260 |
_aLondon: _bLloyd-Luke; _c1991 |
||
| 300 |
_aiv, 89 p : _c23 cm. |
||
| 650 |
_aClinica chemistry MCQs _92341 |
||
| 942 |
_2z _cSLOAN |
||